000
00301nam a22001217a 4500
008
140219t xxu||||| |||| 00| 0 eng d
020
_a
0-582-40385-5
100
_a
Jeremy Harmer
_9
749
245
_a
The practice of english language teaching
250
_a
Third Edition
300
_a
370
942
_2
ddc
_c
BK
999
_c
17006
_d
17006